[Event "E12"]
[Site "Cleanchess.com   INT"]
[Date "2018.02.14"]
[Round "6"]
[White "Dreev,A"]
[Black "Ostrovskiy,And"]
[Result "1-0"]
[WhiteElo "2653"]
[BlackElo "2448"]

1.d4 Nf6 2.Nf3 e6 3.c4 b6 4.a3 Bb7 5.Nc3 Ne4 6.Nxe4 Bxe4 7.Nd2 Bg6 8.g3 Nc6
9.e3 e5 10.d5 Na5 11.h4 h6 12.b4 Nb7 13.Bb2 Bd6 14.e4 a5 15.Bc3 Qe7 16.Rb1
axb4 17.axb4 O-O 18.Bd3 f5 19.exf5 e4 20.Bxe4 Bxf5 21.O-O Bxe4 22.Re1 Bxb1
23.Rxe7 Bxe7 24.Qxb1 Bf6 25.Bxf6 Rxf6 26.Ne4 Rff8 27.c5 Rae8 28.cxb6 cxb6
29.Qd3 Nd8 30.Kg2 Nf7 31.Qd4 Ne5 32.Nd2 b5 33.h5 Rf5 34.d6 Ref8 35.f4 Ng4
36.Ne4 Rxh5 37.Nc5 Rh2+ 38.Kf3 Nf6 39.Qd3 Re8 40.Qxb5 h5 41.Qc4+ Kh8 42.f5 Re1
43.Ne6 Ng4 44.Qc8+ Kh7 45.Ng5+ Kh6 46.Nf7+ Kh7 47.Qh8# 1-0

[Event "E12"]
[Site "Cleanchess.com   INT"]
[Date "2018.02.14"]
[Round "6"]
[White "Margvelashvili,G"]
[Black "Ruiz C,J"]
[Result "1-0"]
[WhiteElo "2530"]
[BlackElo "2368"]

1.d4 Nf6 2.c4 e6 3.Nf3 b6 4.Bg5 Bb4+ 5.Nc3 c5 6.d5 exd5 7.cxd5 O-O 8.Qc2 Re8
9.O-O-O d6 10.e3 Nbd7 11.Bb5 Bxc3 12.Qxc3 Ne4 13.Bxd8 Nxc3 14.bxc3 Rxd8 15.e4
f6 16.Nd2 Ne5 17.f4 Ng4 18.Rde1 a6 19.Bc6 Ra7 20.Kc2 b5 21.h3 Nh6 22.a4 Bd7
23.axb5 axb5 24.Ra1 Rc7 25.Bxd7 Rcxd7 26.Ra6 Rb7 27.Rha1 g5 28.Ra8 Rxa8
29.Rxa8+ Kg7 30.fxg5 fxg5 31.e5 Nf5 32.Ne4 dxe5 33.Nxc5 Re7 34.Kd3 Nd6 35.Ne4
Nc4 36.Rb8 Nb2+ 37.Ke2 h6 38.Rxb5 Nc4 39.Kd3 Na3 40.Rb3 Ra7 41.c4 Kf7 42.c5
Ke7 43.c6 Ra5 44.d6+ Ke6 45.c7 Kd7 46.Rb8 Rd5+ 47.Ke2 {#r} 1-0

[Event "E14"]
[Site "Cleanchess.com Budapest HUN"]
[Date "2018.02.12"]
[Round "8.2"]
[White "Kumar,Nikhil"]
[Black "Balint,Vi"]
[Result "1-0"]
[WhiteElo "2258"]
[BlackElo "2215"]

1.d4 Nf6 2.c4 e6 3.Nf3 Bb4+ 4.Nbd2 b6 5.a3 Bxd2+ 6.Qxd2 Bb7 7.e3 d6 8.b4 a5
9.Bb2 axb4 10.axb4 Rxa1+ 11.Bxa1 Nbd7 12.Bd3 Qa8 13.Ke2 Be4 14.Bb2 O-O 15.Ra1
Qb7 16.Bxe4 Nxe4 17.Qd3 Ra8 18.d5 Rxa1 19.Bxa1 exd5 20.cxd5 Ndf6 21.Bxf6 Nxf6
22.e4 Qc8 23.Nd2 Qg4+ 24.Qf3 Qg5 25.g3 Qe5 26.Qd3 Qh5+ 27.Qf3 Qxh2 28.e5 Ne8
29.e6 f6 30.Qg4 Qh1 31.Nf3 Qc1 32.Qe4 b5 33.Nd4 Qc4+ 34.Kf3 Qf1 35.Nc2 g6
36.Qd4 Qh1+ 37.Ke2 Qh5+ 38.Kd2 Qf3 39.Ne1 Qa3 40.Nc2 Qf3 41.Ne1 Qf5 42.Nc2 Kf8
43.Na3 Qg5+ 44.Kc2 Qf5+ 45.Kd2 Qg5+ 46.Kc2 Qe5 47.Qxe5 dxe5 48.Nxb5 Ke7 49.Kd3
f5 50.Kc4 h5 51.Kc5 g5 52.Nxc7 Nd6 53.Nb5 Nb7+ 54.Kb6 Nd8 55.d6+ Kxe6 56.Kc7
Nf7 57.d7 h4 58.Nd6 Nd8 59.gxh4 gxh4 60.Kxd8 h3 61.Ke8 h2 62.d8=Q h1=Q 63.Qe7+
{#r} 1-0

[Event "E15"]
[Site "Cleanchess.com Wachtebeke BEL"]
[Date "2018.02.12"]
[Round "4.5"]
[White "De Waele,Warre"]
[Black "Beerdsen,Thomas"]
[Result "0-1"]
[WhiteElo "2262"]
[BlackElo "2445"]

1.d4 Nf6 2.c4 e6 3.Nf3 b6 4.g3 Ba6 5.Qc2 Bb7 6.Bg2 Bb4+ 7.Bd2 a5 8.O-O O-O
9.Bf4 d5 10.c5 a4 11.a3 Ba5 12.Qxa4 Nc6 13.Qc2 bxc5 14.dxc5 Qe7 15.Ne5 Nxe5
16.Bxe5 Nd7 17.Bd4 e5 18.Be3 c6 19.Rc1 f5 20.Bd2 Bc7 21.b4 d4 22.Ra2 Kh8
23.Qb2 Qf7 24.Be1 Qh5 25.b5 Nf6 26.a4 f4 27.Qb3 e4 28.f3 fxg3 29.Bxg3 Qg5
30.Qd1 Bxg3 31.hxg3 Nd5 32.Rc4 Ne3 33.Qxd4 Rad8 {#R} 0-1

[Event "E15"]
[Site "Cleanchess.com   INT"]
[Date "2018.02.14"]
[Round "6"]
[White "Kiewra,K"]
[Black "Ostrovskiy,And"]
[Result "1-0"]
[WhiteElo "2382"]
[BlackElo "2448"]

1.d4 Nf6 2.Nf3 e6 3.c4 b6 4.g3 c6 5.Bg2 Be7 6.O-O O-O 7.b3 d5 8.Nc3 Ba6 9.Nd2
b5 10.c5 b4 11.Na4 e5 12.dxe5 Nfd7 13.Bb2 Bb5 14.Nf3 Re8 15.Rc1 Bf8 16.Qd4
Bxe2 17.Rfe1 Bb5 18.Qxb4 Na6 19.Qg4 Bxa4 20.Qxa4 Naxc5 21.Qd4 Ne4 22.Qd3 Ndc5
23.Qe3 Qd7 24.Re2 Ne6 25.Rec2 Rac8 26.Qe2 Qb7 27.Nd4 N4c5 28.Nf5 g6 29.Nd4 a5
30.Nxe6 Nxe6 31.Qd3 Qb6 32.Bf1 Red8 33.Qa6 Qb8 34.Rxc6 Rxc6 35.Qxc6 d4 36.Qe4
a4 37.Bc4 axb3 38.axb3 Qb4 39.Rd1 Bc5 40.Kg2 Qb6 41.Rd3 h5 42.h4 Kg7 43.Rf3
Rd7 44.Bc1 d3 45.Rxd3 Rxd3 46.Qxd3 Bxf2 47.Qf3 Bc5 48.Qf6+ Kg8 49.Bxe6 Qxe6
50.Qxe6 fxe6 51.Kf3 Bd4 52.Ke4 Bc3 53.Bf4 Kf7 54.Kd3 Be1 55.Kc4 Ke8 56.Kc5 Kd7
57.b4 Kc7 58.b5 Bf2+ 59.Kc4 Kb6 60.Kb4 Be1+ 61.Ka4 Bf2 62.Kb4 Be1+ 63.Kc4 Bf2
64.Bg5 Bxg3 65.Bd8+ Kb7 66.Kd4 Bf4 67.Bf6 Bg3 68.Kc5 Bf2+ 69.Kd6 Kb6 70.Kxe6
Kxb5 71.Kf7 {#r} 1-0

[Event "E15"]
[Site "Cleanchess.com Lutsk UKR"]
[Date "2018.02.16"]
[Round "6.2"]
[White "Bogdanovich,S"]
[Black "Matviishen,Viktor"]
[Result "1-0"]
[WhiteElo "2560"]
[BlackElo "2439"]

1.d4 Nf6 2.c4 e6 3.Nf3 b6 4.g3 Ba6 5.Qa4 Bb7 6.Bg2 c5 7.dxc5 Bxc5 8.O-O O-O
9.Nc3 Qc8 10.Qc2 Nc6 11.Bg5 Be7 12.Rfd1 h6 13.Bxf6 Bxf6 14.Ne4 Be7 15.Nd6 Bxd6
16.Rxd6 Na5 17.b3 Bc6 18.Rad1 Nb7 19.R6d4 d6 20.Qc3 e5 21.R4d2 Qc7 22.Nh4 Bxg2
23.Nxg2 Rfd8 24.Ne3 Nc5 25.Qc2 Ne6 26.Nf5 b5 27.Nxd6 bxc4 28.Qxc4 Qb6 29.Nf5
Rxd2 30.Rxd2 Rd8 31.Rd5 Rxd5 32.Qxd5 Qc7 33.Qd2 Kh7 34.Ne3 Qc6 35.Nc4 Ng5
36.f3 e4 37.h4 Ne6 38.Kf2 exf3 39.exf3 Qc5+ 40.Qe3 Qc7 41.Qe4+ Kg8 42.Qa8+ Kh7
43.Qe4+ Kg8 44.Qd5 Kh7 45.Qd3+ Kg8 46.Qd6 Qb7 47.Ne3 Qc8 48.Qd2 Qc5 49.Qc2 Qd4
50.Qc8+ Kh7 51.Qc2+ Kg8 52.Ke2 Qe5 53.Kf2 Qd4 54.f4 Nc5 55.Kf3 Nd3 56.Qc8+ Kh7
57.Qf5+ Kg8 58.Qc8+ Kh7 59.Qf5+ Kg8 60.Qd5 Qc3 61.Qa8+ Kh7 62.Qxa7 Ne1+ 63.Ke2
Nc2 64.Nxc2 Qxc2+ 65.Kf3 Qd1+ 66.Ke4 Qh1+ 67.Kd3 Qf3+ 68.Qe3 Qd5+ 69.Kc3 Qc6+
70.Kd2 Qg2+ 71.Qe2 Qa8 72.a4 Qd5+ 73.Qd3+ {#r} 1-0

[Event "E17"]
[Site "Cleanchess.com   INT"]
[Date "2018.02.14"]
[Round "6"]
[White "Ladva,O"]
[Black "Haug,J"]
[Result "1-0"]
[WhiteElo "2522"]
[BlackElo "2357"]

1.d4 Nf6 2.Nf3 e6 3.g3 b6 4.Bg2 Bb7 5.c4 Be7 6.O-O O-O 7.Re1 Na6 8.a3 d5
9.cxd5 exd5 10.Nc3 c6 11.Bf4 Nc7 12.Bxc7 Qxc7 13.Rc1 Rac8 14.Ne5 Rfd8 15.e4
dxe4 16.Qb3 Bf8 17.Bh3 Ra8 18.Nxf7 Re8 19.Nd6+ Kh8 20.Ncb5 Qe7 21.Nf7+ Kg8
22.Nbd6 Nd5 23.Rxe4 Qf6 24.Nxe8 Qxf7 25.Be6 {#r} 1-0

[Event "E17"]
[Site "Cleanchess.com Lutsk UKR"]
[Date "2018.02.16"]
[Round "11.3"]
[White "Budnikov,O"]
[Black "Simantsev,M"]
[Result "0-1"]
[WhiteElo "2422"]
[BlackElo "2486"]

1.d4 Nf6 2.Nf3 e6 3.c4 b6 4.g3 Bb7 5.Bg2 Be7 6.Nc3 Ne4 7.Bd2 c5 8.d5 exd5
9.cxd5 Nxd2 10.Nxd2 d6 11.O-O O-O 12.Nc4 Ba6 13.b3 Nd7 14.a4 Bf6 15.Rc1 Ne5
16.Ne3 Re8 17.Ne4 Be7 18.f4 Nd7 19.Nc4 Qc7 20.e3 b5 21.axb5 Bxb5 22.g4 Bf8
23.g5 Nb6 24.Rf2 a5 25.Rb2 Nxc4 26.bxc4 Bd7 27.Qd2 Rab8 28.Ra2 Rb4 29.Nf2 Reb8
30.Nd3 Rb3 31.Be4 a4 32.Qc2 a3 33.Kf2 g6 34.h4 Bg4 35.Rg1 Qd7 36.Bf3 Bxf3
37.Kxf3 Qh3+ 38.Kf2 Qxh4+ 39.Kf1 Qh3+ 40.Kf2 Qh2+ 41.Rg2 Qh3 42.Kg1 {#R} 0-1

[Event "E17"]
[Site "Cleanchess.com   INT"]
[Date "2018.02.14"]
[Round "6"]
[White "Sturt,R"]
[Black "Liang,Awonder"]
[Result "0-1"]
[WhiteElo "2446"]
[BlackElo "2572"]

1.d4 Nf6 2.c4 e6 3.Nf3 b6 4.g3 Bb7 5.Bg2 Be7 6.O-O O-O 7.Re1 Na6 8.Nc3 Ne4
9.Nxe4 Bxe4 10.Ne5 Bxg2 11.Kxg2 Bf6 12.Bf4 d6 13.Nf3 Qe8 14.e4 e5 15.Be3 Qc6
16.dxe5 Bxe5 17.Nxe5 dxe5 18.Qd5 Nb4 19.Qxc6 Nxc6 20.Red1 Rfd8 21.Rac1 Kf8
22.c5 b5 23.Rd5 f6 24.Rcd1 Ke8 25.f4 Ne7 26.Rxd8+ Rxd8 27.Rxd8+ Kxd8 28.fxe5
fxe5 29.Bg5 a5 30.a3 a4 31.Kf3 Kd7 32.Bxe7 Kxe7 33.Kg4 Kf6 34.h4 Kg6 35.h5+
Kf6 36.Kh4 g5+ 37.Kg4 h6 38.Kh3 Kf7 39.Kg2 g4 40.Kf2 Ke7 41.Ke3 Kd7 42.Kd3 Kc6
43.Kd2 Kxc5 44.Kc3 Kb6 45.Kd3 c6 46.Kc3 Kc5 47.Kd3 b4 {#R} 0-1

[Event "E18"]
[Site "Cleanchess.com Lutsk UKR"]
[Date "2018.02.16"]
[Round "13.1"]
[White "Bogdanovich,S"]
[Black "Simantsev,M"]
[Result "1-0"]
[WhiteElo "2560"]
[BlackElo "2486"]

1.d4 Nf6 2.c4 e6 3.Nf3 b6 4.g3 Bb7 5.Bg2 Be7 6.O-O O-O 7.Nc3 Ne4 8.Bd2 c5 9.d5
exd5 10.cxd5 Nxd2 11.Nxd2 d6 12.Nc4 Nd7 13.a4 Ba6 14.Nb5 Bxb5 15.axb5 Qc7
16.e4 Bf6 17.f4 Bd4+ 18.Kh1 Rfe8 19.Qc2 Nf6 20.e5 dxe5 21.d6 Qd8 22.fxe5 Ng4
23.Bxa8 Qxa8+ 24.Qg2 Qd8 25.Rxa7 Nxe5 26.Nxe5 Bxe5 27.Qd5 Bxd6 28.Qxf7+ {#r}
1-0

[Event "E18"]
[Site "Cleanchess.com   INT"]
[Date "2018.02.14"]
[Round "6"]
[White "Izoria,Z"]
[Black "Ju Wenjun"]
[Result "0-1"]
[WhiteElo "2599"]
[BlackElo "2572"]

1.Nf3 Nf6 2.c4 e6 3.g3 b6 4.Bg2 Bb7 5.O-O Be7 6.Nc3 O-O 7.Re1 d5 8.cxd5 exd5
9.d4 c5 10.Ne5 Nc6 11.Nxc6 Bxc6 12.dxc5 Bxc5 13.Na4 Bb4 14.Rf1 Rc8 15.a3 Be7
16.Be3 Ne4 17.Bd4 Nc5 18.Nc3 Ne6 19.e3 Qd6 20.Ne2 Bb5 21.Re1 Rfd8 22.Bc3 Nc5
23.Nd4 Bd7 24.Qh5 g6 25.Qxd5 Qxd5 26.Bxd5 Na4 27.Bb4 Bf6 28.Rab1 a5 29.Bc3
Nxc3 30.bxc3 Rxc3 31.Rxb6 Bxd4 32.exd4 Rxa3 33.Rd6 Rc3 34.h4 Kf8 35.Ra1 Ke7
36.Ra6 a4 37.Ra7 Kf8 38.Bf3 Rxf3 {#R} 0-1

[Event "E18"]
[Site "Cleanchess.com Moscow RUS"]
[Date "2018.02.18"]
[Round "3.2"]
[White "Matlakov,M"]
[Black "Oparin,G"]
[Result "1-0"]
[WhiteElo "2709"]
[BlackElo "2607"]

1.Nf3 Nf6 2.g3 b6 3.d4 Bb7 4.c4 e6 5.Bg2 Be7 6.O-O O-O 7.Nc3 Ne4 8.Bd2 Bf6
9.Re1 c5 10.d5 exd5 11.cxd5 Nxd2 12.Nxd2 d6 13.Nde4 Re8 14.Nxf6+ Qxf6 15.e4
Nd7 16.f4 a6 17.a4 c4 18.Bf1 Rac8 19.Qd2 h5 20.Rad1 h4 21.Qf2 hxg3 22.hxg3 Nc5
23.Rd4 b5 24.axb5 axb5 25.Nxb5 Nd3 26.Bxd3 cxd3 27.Nc3 Ba6 28.Ra1 Rc4 29.Rxd3
Bc8 30.Ra8 g5 31.Rb8 Kg7 32.fxg5 Qxg5 33.Rf3 Qh5 34.Rf4 Qg6 35.Ra8 Rb4 36.Ra7
Bb7 37.Ra1 Bc8 38.Rf1 Rb7 39.Rf6 Qh5 40.Rxd6 Bh3 41.Qf6+ Kg8 42.Rd8 Rxd8
43.Qxd8+ Kh7 44.Rf4 Bg4 45.Qh4 {#r} 1-0

[Event "E18"]
[Site "Cleanchess.com Israel ISR"]
[Date "2018.02.16"]
[Round "7.3"]
[White "Bronstein,Or"]
[Black "Grinshpun,E"]
[Result "1-0"]
[WhiteElo "2337"]
[BlackElo "2360"]

1.d4 Nf6 2.c4 e6 3.g3 d5 4.Bg2 Be7 5.Nf3 O-O 6.O-O b6 7.cxd5 exd5 8.Nc3 Bb7
9.b3 Re8 10.Bb2 Nbd7 11.Rc1 Ne4 12.e3 Nxc3 13.Bxc3 a5 14.Qc2 Nf6 15.Bb2 Bd6
16.Rfd1 Ne4 17.Ne5 Qc8 18.Qe2 a4 19.Rc2 axb3 20.axb3 Qe6 21.Qh5 Nf6 22.Qf3 Ra2
23.Nd3 Qg4 24.Qxg4 Nxg4 25.Nc1 Ra7 26.Ne2 Nf6 27.Nc3 Ra5 28.Bc1 Ne4 29.Na4
Rea8 30.f3 Nf6 31.Bd2 R5a7 32.Re1 Re8 33.Nc3 c6 34.Na4 Bc7 35.e4 b5 36.Nc5 Bb6
37.Bb4 Bxc5 38.Bxc5 Ra6 39.e5 Nd7 40.Bb4 Nf8 41.Kf2 Bc8 42.Rec1 Bd7 43.f4 Ne6
44.Ke3 f5 45.Bf1 g6 46.Be2 Kf7 47.Bf3 h5 48.Bd6 Rea8 49.h3 Rh8 50.Bb4 Ke8
51.Rg2 Nd8 52.Rcg1 Be6 53.g4 hxg4 54.hxg4 fxg4 55.Bxg4 Bxg4 56.Rxg4 Rh3+
57.R4g3 Rxg3+ 58.Rxg3 Kf7 59.Rh3 Ne6 60.Rh8 Ra1 61.Rh7+ Ng7 62.f5 gxf5 63.Rh6
Rb1 64.Rf6+ Kg8 65.Bc5 Rxb3+ 66.Kd2 Rb2+ 67.Kc3 Re2 68.Rxc6 f4 69.Rf6 Re3+
70.Kb4 Nh5 71.Rf5 Rh3 72.e6 Ng7 73.e7 Re3 74.Rxf4 Kh7 75.Kxb5 Re6 76.Rf8 Kg6
77.Rd8 Kf7 78.Rxd5 Ne8 79.Rf5+ Rf6 80.Rxf6+ Nxf6 81.Kc6 Ke8 82.d5 Nd7 83.d6
Ne5+ 84.Kc7 {#r} 1-0

[Event "E32"]
[Site "Cleanchess.com Aarhus DEN"]
[Date "2018.02.15"]
[Round "6.5"]
[White "Matthiesen,M"]
[Black "Kveinys,A"]
[Result "1-0"]
[WhiteElo "2314"]
[BlackElo "2550"]

1.d4 Nf6 2.c4 e6 3.Nc3 Bb4 4.Qc2 O-O 5.Nf3 c5 6.dxc5 Bxc5 7.Bf4 Nc6 8.Rd1 d5
9.a3 Be7 10.e3 Qa5 11.Nd2 Bd7 12.Be2 Rac8 13.O-O h6 14.Nb3 Qb6 15.Na4 Qd8
16.Nbc5 e5 17.Bg3 Nb8 18.Nxd7 Nbxd7 19.Qb3 dxc4 20.Bxc4 Qa5 21.Nc3 Nb6 22.Bb5
a6 23.Be2 Rfe8 24.Qa2 Bf8 25.Bh4 g5 26.Bg3 Qc5 27.Rc1 Bg7 28.h3 Red8 29.Rfd1
h5 30.h4 g4 31.Qb3 Ne8 32.Kh2 Rxd1 33.Rxd1 Nd6 34.Bd3 Qc6 35.Na2 a5 36.Nc3 Kf8
37.Nb5 Nxb5 38.Bxb5 Qc5 39.a4 Bf6 40.Rd2 Kg7 41.Bd3 Qd6 42.Bg6 Qe6 43.Qxe6
fxe6 44.Bxh5 Rc4 45.Rd6 Rb4 46.Rxe6 Nxa4 47.Bxe5 Bxe5+ 48.Rxe5 b6 49.Kg3 Nxb2
50.Bxg4 Nd3 51.Re7+ Kf6 52.Rb7 Nc5 53.Rb8 a4 54.Bf3 a3 55.Bd5 Ke5 56.Bg8 b5
57.f4+ Kf6 58.h5 Kg7 59.Bd5 Nb3 60.Rb7+ Kh8 61.Bxb3 Rxb3 62.f5 Rb1 63.Ra7 b4
64.Kg4 Rg1 65.f6 Rxg2+ 66.Kf5 a2 67.f7 Kg7 68.h6+ Kf8 69.h7 Rh2 70.h8=Q+ Rxh8
71.Kg6 {#r} 1-0

[Event "E37"]
[Site "Cleanchess.com   INT"]
[Date "2018.02.14"]
[Round "6"]
[White "Barsegyan,H"]
[Black "Thorfinnsson,Br"]
[Result "1-0"]
[WhiteElo "2467"]
[BlackElo "2426"]

1.d4 Nf6 2.c4 e6 3.Nc3 Bb4 4.Qc2 d5 5.a3 Bxc3+ 6.Qxc3 Ne4 7.Qc2 c5 8.dxc5 Nc6
9.Nf3 Qa5+ 10.Nd2 Nxd2 11.Qxd2 Qxc5 12.cxd5 Qxd5 13.e3 O-O 14.Qxd5 exd5 15.Bb5
Be6 16.Bd2 Ne5 17.Bc3 f6 18.f3 a6 19.Be2 Rac8 20.Kf2 Nc4 21.g4 Rfe8 22.Bd4 Bf7
23.Rac1 Nd6 24.h4 Nb5 25.Rxc8 Rxc8 26.Bxb5 axb5 27.Bc3 Be6 28.g5 fxg5 29.hxg5
Rf8 30.Kg3 Rf5 31.f4 Rf8 32.Rd1 Rc8 33.Kf3 Rc4 34.Kg3 Kf7 35.f5 Bxf5 36.Rxd5
Rg4+ 37.Kf3 Rxg5 38.Kf4 Ke6 39.Re5+ {#r} 1-0

[Event "E38"]
[Site "Cleanchess.com Lutsk UKR"]
[Date "2018.02.16"]
[Round "10.8"]
[White "Korol,D"]
[Black "Matviishen,Viktor"]
[Result "0-1"]
[WhiteElo "2291"]
[BlackElo "2439"]

1.d4 Nf6 2.c4 e6 3.Nc3 Bb4 4.Qc2 c5 5.dxc5 Na6 6.e3 Nxc5 7.Bd2 O-O 8.Nf3 d5
9.cxd5 exd5 10.Be2 Bg4 11.O-O Rc8 12.Qd1 Ba5 13.Nd4 Bxe2 14.Qxe2 Bc7 15.Rac1
Qd6 16.g3 Qd7 17.Rfd1 Qh3 18.Nxd5 Nxd5 19.Rxc5 Bxg3 20.hxg3 Rxc5 21.e4 Nf6
22.Nf5 Re8 23.Be3 Ng4 24.Qf3 Qh2+ 25.Kf1 Nxe3+ 26.Qxe3 Rxf5 27.exf5 Qh1+
28.Ke2 Rxe3+ 29.fxe3 Qg2+ {#R} 0-1

[Event "E40"]
[Site "Cleanchess.com Newcastle ENG"]
[Date "2018.02.18"]
[Round "9.7"]
[White "Muir,A"]
[Black "Greet,A"]
[Result "0-1"]
[WhiteElo "2286"]
[BlackElo "2458"]

1.d4 Nf6 2.c4 e6 3.Nc3 Bb4 4.e3 d5 5.Bd3 e5 6.cxd5 Qxd5 7.f3 exd4 8.exd4 O-O
9.Ne2 Bf5 10.O-O Bxc3 11.bxc3 Bxd3 12.Qxd3 Nc6 13.Bf4 Qd7 14.c4 Rfe8 15.Rad1
Na5 16.Bd2 Qa4 17.Bxa5 Qxa5 18.Nc3 Re7 19.Rfe1 Rae8 20.Rxe7 Rxe7 21.g3 h5
22.Kg2 g6 23.h4 b6 24.Rd2 Re1 25.Kf2 Rc1 26.Rc2 Rxc2+ 27.Qxc2 c6 28.Ne4 Nd7
29.Kg2 c5 30.dxc5 Nxc5 31.Nxc5 Qxc5 32.Qd3 Qe5 33.Qc2 Kg7 34.a4 a5 35.f4 Qc5
36.Qc3+ Kg8 37.Qd3 Qc6+ 38.Kh2 Qxa4 39.Qd8+ Kh7 40.Qxb6 Qc2+ 41.Kg1 a4 42.Qc7
Qc1+ 43.Kf2 Qb2+ 44.Kf3 Kg7 45.c5 a3 46.c6 a2 47.Qb7 Qc3+ 48.Kg2 a1=Q {#R} 0-1

[Event "E40"]
[Site "Cleanchess.com   INT"]
[Date "2018.02.14"]
[Round "6"]
[White "Jobava,Ba"]
[Black "Moussard,J"]
[Result "1-0"]
[WhiteElo "2690"]
[BlackElo "2571"]

1.d4 Nf6 2.c4 e6 3.Nc3 Bb4 4.e3 d5 5.cxd5 exd5 6.Bd3 O-O 7.Ne2 Re8 8.Bd2 c6
9.O-O Bd6 10.f3 c5 11.Rc1 b6 12.Kh1 Ba6 13.Be1 Bxd3 14.Qxd3 c4 15.Qd2 Qe7
16.Bh4 Qxe3 17.Qxe3 Rxe3 18.Bxf6 gxf6 19.Ng3 Re6 20.Nxd5 b5 21.Nf5 Nc6 22.a4
a6 23.Nb6 Rd8 24.axb5 axb5 25.d5 Re5 26.Nxd6 Rxd6 27.f4 Re2 28.dxc6 Rxc6
29.Nd5 Rc5 30.Nxf6+ Kg7 31.b4 Rf5 32.Ng4 f6 33.Rf3 Rd5 34.h3 Kg6 35.Rg3 Rdd2
36.Ne3+ Kf7 37.Nxc4 bxc4 38.Rxc4 Ke6 39.Rc5 Re1+ 40.Kh2 Rb1 41.Re3+ Kd7 42.Rh5
Rxb4 43.Rxh7+ Kd6 44.f5 Rb1 45.Re6+ Kc5 46.Rxf6 Rf1 47.Rc7+ Kb5 48.Rf8 Rff2
49.Rb8+ Ka6 50.Rg7 Rxf5 51.Rg3 Ka7 52.Rb1 Ra2 53.Rbb3 Rfa5 54.Rg7+ Ka6 55.Rg8
Ka7 56.Rbb8 Rg5 57.Rxg5 Kxb8 58.Rc5 {#r} 1-0

[Event "E45"]
[Site "Cleanchess.com Lutsk UKR"]
[Date "2018.02.16"]
[Round "12.5"]
[White "Mirzoev,E"]
[Black "Solovchuk,A"]
[Result "1-0"]
[WhiteElo "2405"]
[BlackElo "2364"]

1.d4 Nf6 2.c4 e6 3.Nc3 Bb4 4.e3 b6 5.Ne2 Ba6 6.Ng3 c5 7.Bd3 Nc6 8.O-O Bxc3
9.bxc3 O-O 10.Qe2 d6 11.f4 Rc8 12.dxc5 dxc5 13.e4 e5 14.Nf5 Ne8 15.Ne3 Nd6
16.Nd5 f6 17.f5 Na5 18.Rf3 Bxc4 19.Bxc4 Naxc4 20.Rh3 Qe8 21.Bd2 Nxd2 22.Qxd2
Nxe4 23.Qe2 Ng5 24.Rg3 Qf7 25.c4 Qb7 26.h4 Nf7 27.Nxf6+ Kh8 28.Nd5 Nh6 29.Qxe5
Rxf5 30.Qc3 Qf7 31.Re1 Ng8 32.Qe3 Rf8 33.Kh2 Rh5 34.Rg4 Nf6 35.Nxf6 Qxf6
36.Qg3 Rf5 37.Re3 Rf4 {#r} 1-0

[Event "E46"]
[Site "Cleanchess.com Saint Louis USA"]
[Date "2018.02.13"]
[Round "9.3"]
[White "Paragua,M"]
[Black "Boros,De"]
[Result "1-0"]
[WhiteElo "2513"]
[BlackElo "2445"]

1.c4 e6 2.Nc3 Nf6 3.d4 Bb4 4.e3 O-O 5.Ne2 d5 6.a3 Bd6 7.Ng3 c5 8.dxc5 Bxc5
9.b4 Bd6 10.Bb2 Nc6 11.cxd5 exd5 12.Nb5 Be5 13.Bxe5 Nxe5 14.Be2 a5 15.O-O Qe7
16.Qd4 axb4 17.axb4 Rxa1 18.Rxa1 Bd7 19.Nc3 Nc6 20.Nxd5 Nxd5 21.Qxd5 Be6
22.Qc5 Qf6 23.Rd1 Qb2 24.b5 Ne5 25.f4 Nd7 {#r} 1-0

[Event "E46"]
[Site "Cleanchess.com Jurmala LAT"]
[Date "2018.02.18"]
[Round "6.3"]
[White "Vorobjov,P"]
[Black "Bernotas,A"]
[Result "0-1"]
[WhiteElo "2222"]
[BlackElo "2432"]

1.d4 Nf6 2.c4 e6 3.Nc3 Bb4 4.e3 O-O 5.Ne2 Re8 6.a3 Bf8 7.d5 exd5 8.cxd5 a5
9.g3 Na6 10.Bg2 Nc5 11.b3 b6 12.Bb2 Ba6 13.Nc1 b5 14.N3e2 b4 15.axb4 axb4
16.O-O Nfe4 17.h4 Be7 18.Qc2 Bf6 19.Bd4 d6 20.Rd1 Qe7 21.f3 Bxe2 22.Nxe2 Rxa1
23.Rxa1 Nc3 24.Nxc3 Bxd4 25.exd4 Qe3+ 26.Kh2 Qxd4 27.Rc1 bxc3 28.Qxc3 Qxc3
29.Rxc3 Rb8 30.Kg1 Rxb3 31.Rxb3 Nxb3 32.Kf2 Kf8 33.Ke3 Ke7 34.g4 Kd7 35.f4 Na5
36.Be4 h6 37.Bf5+ Kd8 38.Be4 c5 39.dxc6 Kc7 40.g5 Nxc6 41.gxh6 gxh6 42.Bd5 f6
43.Be6 Kb6 44.Ke4 Ne7 45.Kd4 Kc6 46.h5 d5 47.Bg4 Kd6 48.Bh3 Nc6+ 49.Kd3 Kc5
50.Be6 Nb4+ 51.Ke3 Kc4 52.Bf7 Kc3 53.Be6 Nc2+ 54.Kf2 d4 55.Bg4 d3 56.Bd1 Kd4
57.Kf3 f5 {#R} 0-1

[Event "E47"]
[Site "Cleanchess.com   INT"]
[Date "2018.02.14"]
[Round "6"]
[White "Sadorra,J"]
[Black "Morris,J"]
[Result "1-0"]
[WhiteElo "2539"]
[BlackElo "2477"]

1.d4 Nf6 2.c4 e6 3.Nc3 Bb4 4.e3 O-O 5.Bd3 d6 6.Nf3 Nbd7 7.O-O e5 8.Bc2 Bxc3
9.bxc3 b6 10.c5 bxc5 11.dxe5 dxe5 12.Ba3 Qe7 13.Nd2 Bb7 14.Rb1 Bc6 15.Nb3 a5
16.Qe2 a4 17.Nd2 Qe6 18.Rb2 Rfd8 19.Rfb1 Nb6 20.e4 Nfd7 21.Bd3 h6 22.Nc4 Qg6
23.f3 Kh7 24.Ne3 Nf8 25.c4 Ne6 26.Nd5 Nd7 27.Qe3 Re8 28.Kh1 Kg8 29.g3 Rac8
30.Rg2 Nd4 31.f4 Bxd5 32.cxd5 f5 33.exf5 Qf6 34.g4 exf4 35.Qxf4 Ne5 36.Bf1 Qd6
37.f6 Nf7 38.Qf2 gxf6 39.Rd1 Nb5 40.Bc1 Nc3 41.Rd3 Ne4 42.Qf5 Neg5 43.Qg6+ Kf8
44.h4 Re1 45.Rf2 Rxc1 46.hxg5 hxg5 47.Rdf3 Qxd5 48.Qxf6 Re8 49.Qxf7+ Qxf7
50.Rxf7+ Kg8 51.Kg2 Ree1 52.R7f5 c4 53.Rxg5+ Kh7 54.Kg3 Rxf1 55.Rh2# 1-0

[Event "E48"]
[Site "Cleanchess.com   INT"]
[Date "2018.02.14"]
[Round "6"]
[White "Ashwin,J"]
[Black "Chandra,Akshat"]
[Result "0-1"]
[WhiteElo "2486"]
[BlackElo "2510"]

1.d4 Nf6 2.c4 e6 3.Nc3 Bb4 4.e3 O-O 5.Bd3 d5 6.cxd5 exd5 7.Ne2 b6 8.Bd2 Bb7
9.O-O Nbd7 10.Qc2 Re8 11.f3 c5 12.a3 cxd4 13.Nxd4 Bd6 14.Ncb5 Be5 15.Rac1 Rc8
16.Qb1 a6 17.Nc3 g6 18.Nce2 Nc5 19.b4 Nxd3 20.Qxd3 Qd7 21.Rxc8 Rxc8 22.Rc1 Ne8
23.Rxc8 Qxc8 24.Bc3 Qc7 25.h3 Bg7 26.Nc2 f6 27.Nf4 Qc4 28.Qd2 Nd6 29.Nd4 Bh6
30.Nd3 Qc8 31.Nf4 Nc4 32.Qd3 Ne5 33.Qc2 Nc4 34.Nxg6 Bxe3+ 35.Kh1 Qe8 36.Nh4
Bxd4 37.Bxd4 Qe1+ 38.Bg1 Qxh4 39.Qf5 Qe1 40.Qd7 Ne3 41.Qxb7 d4 42.Qc8+ Kg7
43.Qd7+ Kg6 44.Qxd4 Nf1 45.Qe4+ Qxe4 46.fxe4 Ng3+ 47.Kh2 Nf1+ 48.Kh1 b5 49.Bf2
Nd2 50.Kg1 Nxe4 51.Be1 Nd6 52.Bd2 Nc4 53.Bc1 Kf5 54.Kf2 Ke4 55.Ke2 h5 56.h4 f5
57.g3 Nb6 58.Bb2 Nd5 59.Bc1 Ne7 60.Bg5 Nd5 61.Bd2 f4 62.gxf4 Nxf4+ 63.Kf2 Ng6
64.Bg5 Ne5 65.Ke2 Nf3 66.Be7 Nd4+ 67.Kd2 Nf5 68.Bg5 Ng7 69.Ke2 Ne6 70.Be7 Nf4+
71.Kd2 Nd3 72.Bf6 Nf2 73.Ke2 Ng4 74.Be7 Ne5 75.Kd2 Nc4+ 76.Kc3 Nxa3 77.Bf6 Nc4
78.Bd8 Ne3 79.Bg5 Nd5+ 80.Kb3 Kf5 81.Bd2 Kg4 82.Be1 Ne3 83.Kc3 Nf5 84.Bf2 Kf3
85.Be1 Ke2 86.Bd2 Nxh4 87.Bg5 Nf3 88.Bf6 h4 89.Bd8 h3 90.Bc7 h2 91.Bxh2 Nxh2
92.Kd4 Kd2 93.Kc5 Kc3 94.Kb6 Kxb4 95.Kxa6 Ka4 96.Kb6 b4 97.Kc5 b3 98.Kc4 Ka3
99.Kc3 b2 100.Kd2 b1=Q 101.Ke2 Ng4 102.Kf3 Nf6 103.Kf4 Qe4+ 104.Kg5 Nd7
105.Kh5 Qg2 106.Kh4 Ne5 107.Kh5 Qg4+ {#R} 0-1

[Event "E54"]
[Site "Cleanchess.com Aarhus DEN"]
[Date "2018.02.14"]
[Round "5.3"]
[White "Kveinys,A"]
[Black "Thybo,Jesper Sondergaard"]
[Result "0-1"]
[WhiteElo "2550"]
[BlackElo "2479"]

1.Nf3 Nf6 2.c4 e6 3.Nc3 d5 4.d4 Bb4 5.e3 O-O 6.Bd3 c5 7.O-O cxd4 8.exd4 dxc4
9.Bxc4 b6 10.Bg5 Bb7 11.Re1 Nbd7 12.Rc1 Rc8 13.Bd3 Be7 14.Bb1 a6 15.Qd3 b5
16.a3 g6 17.Ba2 Re8 18.h4 Nc5 19.Qe3 Nce4 20.Ne5 Nxg5 21.hxg5 Nd7 22.Nxf7 Kxf7
23.Bxe6+ Kg7 24.Qh3 Rc7 25.Bf7 Rh8 26.d5 Bxg5 27.d6 Rc5 28.f4 Bf6 29.Be6 Rh5
30.Qe3 Nc5 31.Bg4 Re8 32.Qd2 Nb3 {#R} 0-1

[Event "E60"]
[Site "Cleanchess.com Neustadt an der Weinstrasse GER"]
[Date "2018.02.12"]
[Round "7.16"]
[White "Goldbeck,Lars"]
[Black "Dann,M"]
[Result "0-1"]
[WhiteElo "2219"]
[BlackElo "2528"]

1.d4 Nf6 2.c4 g6 3.f3 Bg7 4.e4 O-O 5.Ne2 c6 6.Be3 d5 7.e5 Nfd7 8.cxd5 cxd5
9.Nec3 Nb6 10.Bd3 f6 11.exf6 exf6 12.O-O Nc6 13.Na3 f5 14.Nc2 f4 15.Bf2 Qg5
16.Kh1 Bf5 17.b3 Rac8 18.Rc1 a6 19.Re1 Rf7 20.Qd2 Rfc7 21.Bxf5 Qxf5 22.Ne2 g5
23.Red1 Bf8 24.Kg1 h6 25.Kh1 Bd6 26.Kg1 Nd7 27.g4 Qg6 28.Kg2 Nf6 29.h3 h5
30.Kg1 hxg4 31.hxg4 Rh7 32.Qd3 Qh6 33.Kf1 Qh3+ 34.Ke1 Kf7 35.a3 Qg2 36.Bg1 Rh3
{#R} 0-1